Länder, Territorien, Hauptstädte, Gewässer (extrem schwer) - Statistiken

Allgemein
  • Dieses Quiz wurde 17 mal gespielt
  • Das Durchschnittsergebnis liegt bei 219 aus 621
Antwortstatistiken
Hint Antwort % Korrekt
deutschland Deutschland
71%
island Island
64%
kanada Kanada
64%
mexiko Mexiko
64%
mexi Mexiko Stadt
64%
usa Vereinigte Staaten
64%
bahamas Bahamas
57%
barbados Barbados
57%
belgien Belgien
57%
belize Belize
57%
bolivien Bolivien
57%
brasilien Brasilien
57%
bruss Brüssel
57%
chile Chile
57%
china China
57%
costarica Costa Rica
57%
elsalvador El Salvador
57%
frankreich Frankreich
57%
guatemala Guatemala
57%
gua Guatemala Stadt
57%
guyana Guyana
57%
honduras Honduras
57%
jamaika Jamaika
57%
japan Japan
57%
kolumbien Kolumbien
57%
kuba Kuba
57%
luxe | luxemburg Luxemburg
57%
nordsee Nordsee
57%
osterreich Österreich
57%
ostsee Ostsee
57%
panam | panama Panama
57%
paraguay Paraguay
57%
peru Peru
57%
rey Reykjavík
57%
rotesmeer Rotes Meer
57%
schwarzes Schwarzes Meer
57%
lucia St. Lucia
57%
suriname Suriname
57%
uruguay Uruguay
57%
venezuela Venezuela
57%
victoria Victoria
57%
wien Wien
57%
abu Abu Dhabi
50%
accra Accra
50%
afghanistan Afghanistan
50%
agypten Ägypten
50%
algerien Algerien
50%
algi Algier
50%
amman Amman
50%
amster Amsterdam
50%
andor | andorra | andorraaa Andorra
50%
angola Angola
50%
aqutorial Äquatorialguinea
50%
argentinien Argentinien
50%
armenien Armenien
50%
aserbaidschan Aserbaidschan
50%
astan Astana
50%
asunc Asunción
50%
atlantik Atlantischer Ozean
50%
australien Australien
50%
bagda Bagdad
50%
baku Baku
50%
bang Bangkok
50%
belarus Belarus
50%
benin Benin
50%
berl Berlin
50%
bern Bern
50%
bisch Bischkek
50%
bissa Bissau
50%
bogo Bogotá
50%
botswana Botswana
50%
brazzav Brazzaville
50%
brunei Brunei
50%
budap Budapest
50%
buka Bukarest
50%
bulgarien Bulgarien
50%
burundi Burundi
50%
canb Canberra
50%
caraca Caracas
50%
dakar Dakar
50%
damas Damaskus
50%
danemark Dänemark
50%
drkongo Demokratische Republik Kongo
50%
dhaka Dhaka
50%
dili Dili
50%
dominica Dominica
50%
domrep Dominikanische Republik
50%
dschibuti Dschibuti
50%
dubl Dublin
50%
dusch Duschanbe
50%
ecuador Ecuador
50%
elfenbein Elfenbeinküste
50%
eritrea Eritrea
50%
estland Estland
50%
eswatini Eswatini
50%
finnland Finnland
50%
gabun Gabun
50%
gambia Gambia
50%
georgien Georgien
50%
golfmexiko Golf von Mexiko
50%
grenada Grenada
50%
griechenland Griechenland
50%
gronland Grönland
50%
guinea Guinea
50%
guineabissau Guinea-Bissau
50%
haiti Haiti
50%
hano Hanoi
50%
havan Havanna
50%
hels Helsinki
50%
indien Indien
50%
indischer Indischer Ozean
50%
indonesien Indonesien
50%
irak Irak
50%
iran Iran
50%
irland Irland
50%
israel Israel
50%
italien Italien
50%
jakar Jakarta
50%
jerusa Jerusalem
50%
jordanien Jordanien
50%
kabu Kabul
50%
kai Kairo
50%
kambodscha Kambodscha
50%
kamerun Kamerun
50%
kapverde Kap Verde
50%
kasachstan Kasachstan
50%
kathm Kathmandu
50%
kenia Kenia
50%
kingston Kingston
50%
kingstown Kingstown
50%
kinsha Kinshasa
50%
kirgisistan Kirgisistan
50%
kiribati Kiribati
50%
komoren Komoren
50%
kosovo Kosovo
50%
kroatien Kroatien
50%
laos Laos
50%
lesotho Lesotho
50%
lettland Lettland
50%
liberia Liberia
50%
lima Lima
50%
lissa Lissabon
50%
litauen Litauen
50%
ljubl Ljubljana
50%
lond London
50%
luanda Luanda
50%
madagaskar Madagaskar
50%
madr Madrid
50%
malawi Malawi
50%
malta Malta
50%
maroko Marokko
50%
marshall Marshallinseln
50%
mauretanien Mauretanien
50%
mauritius Mauritius
50%
mikro Mikronesien
50%
minsk Minsk
50%
mittelmeer Mittelmeer
50%
mongolei Mongolei
50%
montenegro Montenegro
50%
mosambik Mosambik
50%
moskau Moskau
50%
myanmar Myanmar
50%
nairo Nairobi
50%
namibia Namibia
50%
nassa Nassau
50%
nepal Nepal
50%
neudel Neu-Delhi
50%
neuseeland Neuseeland
50%
nicaragua Nicaragua
50%
niederlande Niederlande
50%
niger Niger
50%
nigeria Nigeria
50%
nordkorea Nordkorea
50%
mazedonien Nordmazedonien
50%
norwegen Norwegen
50%
oslo Oslo
50%
osttimor Ost-Timor
50%
ottawa Ottawa
50%
pazifik Pazifischer Ozean
50%
peki Peking
50%
phnom Phnom Penh
50%
nordko Pjöngjang
50%
podgo Podgorica
50%
polen Polen
50%
portugal Portugal
50%
pretoria Pretoria / Kapstadt / Bloemfontein
50%
pristi Pristina
50%
raba Rabat
50%
rkongo Republik Kongo
50%
riad Riad
50%
riga Riga
50%
rom Rom
50%
ruanda Ruanda
50%
rumanien Rumänien
50%
russland Russland
50%
sambia Sambia
50%
samoa Samoa
50%
sanaa Sanaa
50%
sanma San Marino
50%
sansalva San Salvador
50%
sao São Tomé
50%
sara Sarajevo
50%
schweden Schweden
50%
schweiz Schweiz
50%
senegal Senegal
50%
sudko Seoul
50%
serbien Serbien
50%
seychellen Seychellen
50%
sierra Sierra Leone
50%
singa | singapurr Singapur
50%
skop Skopje
50%
slowakei Slowakei
50%
slowenien Slowenien
50%
sofia Sofia
50%
spanien Spanien
50%
kitts St. Kitts und Nevis
50%
stock Stockholm
50%
sucr Sucre
50%
sudafrika Südafrika
50%
sudan Sudan
50%
sudchinesisches Südchinesisches Meer
50%
sudkorea Südkorea
50%
sudsudan Südsudan
50%
syrien Syrien
50%
tadschikistan Tadschikistan
50%
taipeh Taipeh
50%
taiwan Taiwan
50%
tali Tallinn
50%
tansania Tansania
50%
tasch Taschkent
50%
tehe Teheran
50%
thailand Thailand
50%
tifli Tiflis
50%
togo Togo
50%
tokio Tokio
50%
tonga Tonga
50%
tschad Tschad
50%
tschechien Tschechien
50%
tunesien Tunesien
50%
tuni Tunis
50%
turkei Türkei
50%
turkmenistan Turkmenistan
50%
tuvalu Tuvalu
50%
ungarn Ungarn
50%
usbekistan Usbekistan
50%
valletta Valletta
50%
vanuatu Vanuatu
50%
vati Vatikanstadt
50%
vient Vientiane
50%
vietnam Vietnam
50%
vilni Vilnius
50%
wars Warschau
50%
wash Washington D.C.
50%
well Wellington
50%
abuja Abuja
43%
addis Addis Abeba
43%
albanien Albanien
43%
ankar Ankara
43%
antana Antananarivo
43%
athen Athen
43%
athiopien Äthiopien
43%
bahrainn Bahrain
43%
bangladesch Bangladesch
43%
beir Beirut
43%
belgr Belgrad
43%
bermuda Bermuda
43%
bhutan Bhutan
43%
brasil Brasília
43%
bratis Bratislava
43%
bueno Buenos Aires
43%
burkina Burkina Faso
43%
kisch Chișinău
43%
curacao Curaçao
43%
dodo Dodoma
43%
doha Doha
43%
uk England
43%
fischi Fidschi
43%
georget Georgetown
43%
ghana Ghana
43%
islama Islamabad
43%
jemen Jemen
43%
jere Jerewan
43%
katar Katar
43%
khartum Khartum
43%
kiew Kiew
43%
kopen Kopenhagen
43%
kuala Kuala Lumpur
43%
kuwait Kuwait
43%
kuwaits Kuwait Stadt
43%
libanon Libanon
43%
lybien Libyen
43%
malaysia Malaysia
43%
male Malé
43%
maldediven Malediven
43%
mali Mali
43%
manama Manama
43%
manil Manila
43%
mapu Maputo
43%
maskat Maskat
43%
mogad Mogadischu
43%
moldawien Moldawien
43%
monac Monaco
43%
monro Monrovia
43%
ndjam N'Djamena
43%
nikos Nikosia
43%
nordirland Nordirland
43%
oman Oman
43%
pakistan Pakistan
43%
papua Papua-Neuguinea
43%
para Paramaribo
43%
pari Paris
43%
persischer Persischer Golf
43%
philippinen Philippinen
43%
portau Port-au-Prince
43%
portmores Port Moresby
43%
portof Port of Spain
43%
prag Prag
43%
puerto Puerto Rico
43%
quit Quito
43%
salomonen Salomonen
43%
santia Santiago de Chile
43%
santo Santo Domingo
43%
saudi Saudi-Arabien
43%
schottland Schottland
43%
simbabwe Simbabwe
43%
somalia Somalia
43%
sri Sri Jayewardenepura Kotte / Colombo
43%
srilanka Sri Lanka
43%
vincent St. Vincent und die Grenadinen
43%
teguc Tegucigalpa
43%
thimph Thimphu
43%
trinidad Trinidad und Tobago
43%
tripio Tripolis
43%
uganda Uganda
43%
ukraine Ukraine
43%
vadu Vaduz
43%
vae Vereinigte Arabische Emirate
43%
wales Wales
43%
zagr Zagreb
43%
zypern Zypern
43%
adria Adriatisches Meer
36%
anguilla Anguilla
36%
arabisches Arabisches Meer
36%
aruba Aruba
36%
asmara Asmara
36%
bamako Bamako
36%
bangu Bangui
36%
belmo Belmopan
36%
bonaire Bonaire
36%
cona Conakry
36%
faroerinseln Färöer-Inseln
36%
franzguyana Französisch-Guyana
36%
free Freetown
36%
gabor Gaborone
36%
gelbes Gelbes Meer
36%
gibraltar Gibraltar
36%
guernsey Guernsey
36%
hara Harare
36%
hongkong Hongkong
36%
isleofman Isle of Man
36%
japanisches Japanisches Meer
36%
jaun Jaunde
36%
jersey Jersey
36%
kaspisches Kaspisches Meer
36%
lome Lomé
36%
lusak Lusaka
36%
macau Macau
36%
managu Managua
36%
montev Montevideo
36%
nauru Nauru
36%
nay Naypyidaw
36%
niame Niamey
36%
osterinsel Osterinsel
36%
ouaga Ouagadougou
36%
palastina Palästina
36%
palau Palau
36%
portlouis Port Louis
36%
porton Porto-Novo
36%
prai Praia
36%
saba Saba
36%
sanjose San José
36%
sintmaarten Sint Maarten
36%
suva Suva
36%
tibet Tibet
36%
tirana Tirana
36%
transnistrien Transnistrien
36%
ulan Ulan Bator
36%
weihnachts Weihnachtsinsel
36%
westsahara Westsahara
36%
windhuk Windhuk
36%
yamou Yamoussoukro
36%
agaisches Ägäisches Meer
29%
amerikjunfern Amerikanische Jungferninseln
29%
antarktis Antarktis
29%
antigua Antigua und Barbuda
29%
apia Apia
29%
bandar Bandar Seri Begawan
29%
banj Banjul
29%
Basse Basseterre
29%
bering Beringstraße
29%
bridge Bridgetown
29%
britischjungfern Britische Jungferninseln
29%
ceuta Ceuta
29%
falkland Falklandinseln
29%
franzpoly Französisch-Polynesien
29%
funa Funafuti
29%
golfaden Golf von Aden
29%
golfbengalen Golf von Bengalen
29%
guadeloupe Guadeloupe
29%
guam Guam
29%
honiara Honiara
29%
hudson Hudson-Bucht
29%
ionisches Ionisches Meer
29%
juba Juba
29%
kampa Kampala
29%
karibisches Karibisches Meer
29%
katalonien Katalonien
29%
librev Libreville
29%
lilon Lilongwe
29%
madeira Madeira
29%
martinique Martinique
29%
mbaba Mbabane
29%
niue Niue
29%
nouak Nouakchott
29%
ostchinesisches Ostchinesisches Meer
29%
palik Palikir
29%
golfvenezuela-9 Panamakanal
29%
reunion Reunion
29%
roseau Roseau
29%
saintmartin Saint Martin
29%
somaliland Somaliland
29%
south South Tarawa
29%
spitzbergen Spitzbergen
29%
helena St. Helena
29%
zentralafrikanische Zentralafrikanische Republik
29%
abchasien Abchasien
21%
aland Åland
21%
aschga Aschgabat
21%
azoren Azoren
21%
bergkarabach Bergkarabach
21%
bosnien Bosnien und Herzegowina
21%
bosporus Bosporus
21%
castries Castries
21%
cook Cookinseln
21%
galapagos Galapagosinseln
21%
gite Gitega
21%
golfguinea Golf von Guinea
21%
golfthailand Golf von Thailand
21%
kanaren Kanarische Inseln
21%
kigal Kigali
21%
krim Krim
21%
majuro Majuro
21%
malab Malabo
21%
marmarameer Marmarameer
21%
maser Maseru
21%
mayotte Mayotte
21%
moroni Moroni
21%
nordliche Nördliche Marianen
21%
nordzypern Nordzypern
21%
nuku Nuku'alofa
21%
pitcairn Pitcairninseln
21%
portvila Port Vila
21%
saintpierre Saint-Pierre und Miquelon
21%
saotomeprincipe São Tomé und Príncipe
21%
stgeorge St. George
21%
stjohn St. John’s
21%
suezkanal Suezkanal
21%
tasmanien Tasmanien
21%
tasmanische Tasmansee
21%
tokelau Tokelau
21%
turks Turks- und Caicosinseln
21%
tyrrhenisches Tyrrhenisches Meer
21%
alboran Alboránmeer
14%
asamoa Amerikanisch-Samoa
14%
andaman Andamanensee
14%
arafurasee Arafurasee
14%
arktischer Arktischer Ozean
14%
armelkanal Ärmelkanal
14%
balearisches Balearen-Meer
14%
bandasee Bandasee
14%
barentsee Barentsee
14%
bass Bass-Straße
14%
beaufortsee Beaufortsee
14%
beringsee Beringmeer
14%
bismarck Bismarcksee
14%
britisches Britisches Territorium im Indischen Ozean
14%
caymans Cayman-Islands
14%
celebesssee Celebessee
14%
donezk Donezk
14%
eunordmeer Europäisches Nordmeer
14%
flores Floressee
14%
golfoman Golf von Oman
14%
gronlandsee Grönlandsee
14%
grosseaustralische Große Australische Bucht
14%
janmayen Jan Mayen
14%
karasee Karasee
14%
kattegat Kattegat
14%
keltische Keltische See
14%
kokos Kokosinsel
14%
korallen Korallenmeer
14%
korsika Korsika
14%
lakkadivensee Lakkadivensee
14%
laptev Laptewsee
14%
luhansk Luhansk
14%
melilla Melilla
14%
montserrat Montserrat
14%
neukaledonien Neukaledonien
14%
nger Ngerulmud
14%
norfolk Norfolkinsel
14%
ostsibirisches Ostsibirisches Meer
14%
saintbarthelemy Saint-Barthélemy
14%
salomonensee Salomonensee
14%
savusee Sawusee
14%
seramsee Seramsee
14%
gibraltar-5 Straße von Gibraltar
14%
makassar Straße von Makassar
14%
malakka Straße von Malakka
14%
sudossetien Südossetien
14%
sulusee Sulusee
14%
tschetschenien Tschetschenien
14%
tschktschensee Tschuktschensee
14%
wallis Wallis und Futuna
14%
weisses Weißes Meer
14%
yaren Yaren
14%
baffin Baffin-Bucht
7%
baskenland Baskenland
7%
bougainville Bougainville
7%
bouvet Bouvetinsel
7%
cookstr Cookstraße
7%
dardanellen Dardanellen
7%
darfur Darfur
7%
davis Davissee
7%
franzantarktis Französische Süd- und Antarktisgebiete
7%
fundy Fundy-Bucht
7%
golfakaba Golf von Akaba
7%
golfalaska Golf von Alaska
7%
biskaya Golf von Biskaya
7%
golfkalifornien Golf von Kalifornien
7%
golftomini Golf von Tomini
7%
heardmcdonalds Heard und McDonaldinseln
7%
irische Irische See
7%
jammu Jammu und Kashmir
7%
javasee Javasee
7%
kaliningrad Kaliningrad
7%
kurdistan Kurdistan
7%
labradorsee Labradorsee
7%
molukken Molukkensee
7%
ochotskisches Ochotskisches Meer
7%
palmyra Palmyra Atoll
7%
phili Philippinensee
7%
riodelaplata Río de la Plata
7%
sanktlorenz Sankt-Lorenz-Golf
7%
sinteustatius Sint Eustatius
7%
skagerrak Skagerrak
7%
hormus Straße von Hormus
7%
golfguinea-7 Straße von Mosambik
7%
sudgeorgien Südgeorgien und die Südlichen Sandwichinseln
7%
timorsee Timorsee
7%
wake Wake Island
7%
abyei Abyei
0%
akrotiri Akrotiri und Dekelia
0%
aksaichinladakh Aksai Chin
0%
amundsen Amundsensee
0%
arunachal Arunachal Pradesh
0%
ascension Ascension
0%
aswosches Aswosches Meer
0%
babalmandab Bab al-Mandab
0%
balisee Balisee
0%
bellingshausensee Bellingshausensee
0%
birtawil Bir Tawil
0%
bottnischer Bottnischer Meeresbusen
0%
bristol Bristolkanal
0%
clipperton Clipperton-Insel
0%
dagestan Dagestan
0%
danemarkstr Dänemarkstraße
0%
drake Drakestraße
0%
dschi Dschbuti
0%
finnischer Finnischer Meeresbusen
0%
floridastr Floridastraße
0%
cadiz Golf von Cadiz
0%
cadiz Golf von Cádiz
0%
golfcarpentaria Golf von Carpentaria
0%
golfhonduras Golf von Honduras
0%
golfmaine Golf von Maine
0%
golfsuez Golf von Suez
0%
golftonkin Golf von Tonkin
0%
golfvenedig Golf von Venedig
0%
golfvenezuela Golf von Venezuela
0%
halaibdreieck Hala'ib-Dreieck
0%
halmaherasee Halmhaherasee
0%
hudsonstr Hudsonstraße
0%
ilemidreieck Ilemi-Dreieck
0%
jamesbay James-Bucht
0%
johnston Johnston-Atoll
0%
juan Juan-Fernández-Inseln
0%
kingman Kingmanriff
0%
levantisches Levantisches Meer
0%
lincolnsee Lincolnsee
0%
liguirisches Linguirisches Meer
0%
lord Lord-Howe-Insel
0%
rigaischer Rigaischer Meeresbusen
0%
salish Salische See
0%
saragossosee Saragossosee
0%
schottische Schottische See
0%
scotiasee Scotiasee
0%
seto Seto-Inlandsee
0%
kertsch Straße von Kertsch
0%
messina Straße von Messina
0%
singapur-5 Straße von Singapur
0%
antarktischer Südlicher Ozean
0%
sanktlorenz-4 Taiwanstraße
0%
tristanxx Tristan da Cunha
0%
Keine übereinstimmenden Quizze gefunden
Verteilung der Resultate
Anzahl Personen mit jedem Resultat
Perzentil nach korrekt beantworteten Fragen
Ihre Resultats-Entwicklung
Sie haben dieses Quiz noch nicht gespielt